Management Models of Business Succession

Salvato in:
Dettagli Bibliografici
Autore principale: Jusko, Ľubor, 1979-
Natura: Capitolo di libro
Lingua:inglese
Soggetti:
Tags: Aggiungi Tag
Nessun Tag, puoi essere il primo ad aggiungerne!!

MARC

LEADER 00000naa$a2200000$$$4500
001 0279465
005 20240502074333.7
041 0 |a eng 
044 |a SK 
245 1 0 |a Management Models of Business Succession  |c Ľubor Jusko 
500 |a Abstrakt 
610 2 0 |a modely 
610 2 0 |a manažéri 
610 2 0 |a manažerizmus 
610 2 0 |a podnik rodinný 
100 1 |a Jusko, Ľubor, 1979-